000 00697cam a22002651 4500
001 sa 68001359
003 DLC
005 20260227112432.0
008 890508s1966 ii 000 0 orio
010 _asa 68001359
035 _a(OCoLC)19676815
040 _aDLC
_cWaU
_dDLC
042 _apremarc
050 0 0 _aDS481.N35
_bJ2
245 0 0 _aJabāhāralāla.
260 _c[1966]
300 _a3, 216 p.
_c22 cm.
500 _aIn Oriya.
600 1 0 _aNehru, Jawaharlal,
_d1889-1964.
700 1 _aNehru, Jawaharlal,
_d1889-1964.
700 1 _aPatnaik, Ananta,
_d1913-
700 1 _aKara, Bicitrānanda.
700 1 _aPatnaik, Pathani,
_d1928-
740 0 _aJabāhāralāla smaraṇikā.
999 _c77889
_d77889